Statistics for Pokémon that Start with N

Click here to take the quiz!

General Stats

  • This quiz has been taken 2,349 times
    (960 since last reset)
  • The average score is 16 of 23

Answer Stats

GenAnswer% Correct
INidoking
93%
INidoqueen
93%
INidoran ♀
93%
INidoran ♂
93%
INidorina
93%
INidorino
92%
IIINumel
71%
IIINincada
70%
VINoibat
70%
INinetales
69%
VINoivern
69%
IIINinjask
68%
IXNacli
64%
IINoctowl
64%
VIINaganadel
63%
IIINuzleaf
62%
IXNaclstack
61%
VIINihilego
58%
IINatu
57%
IXNymble
57%
IIINosepass
55%
VIINecrozma
50%
VIIINickit
43%

Score Distribution

Percentile by Number Answered

Percent of People with Each Score

Your Score History

You have not taken this quiz since the last reset